Pětiminutovky /

Hlavní autor: Hercík, Jaroslav, 1972-
Jazyk: Čeština
Vydáno: Ústí nad Labem : Jaroslav Hercík, 2023
Vydání: Vydání první
Témata:
Fyzický popis: 111 stran ; 22 cm
Knihy
Uloženo v:
LEADER 01150nam a2200361 i 4500
001 nkc20233556479
003 CZ PrNK
005 20241017150427.0
007 ta
008 231019s2023 xr g 000 j cze
015 |a cnb003556479 
020 |a 978-80-11-03982-0  |q (vázáno) 
035 |a (OCoLC)1425861810 
040 |a OLA001  |b cze  |d ABA001  |e rda 
072 7 |a 821.162.3-3  |x Česká próza  |2 Konspekt  |9 25 
080 |a 821.162.3-32  |2 MRF 
080 |a (0:82-32)  |2 MRF 
100 1 |a Hercík, Jaroslav,  |d 1972-  |7 jo2012691518  |4 aut  |4 pbl 
245 1 0 |a Pětiminutovky /  |c Jaroslav Hercík 
246 3 |a Minipětiminutovky 
250 |a Vydání první 
264 1 |a Ústí nad Labem :  |b Jaroslav Hercík,  |c 2023 
300 |a 111 stran ;  |c 22 cm 
336 |a text  |b txt  |2 rdacontent 
337 |a bez média  |b n  |2 rdamedia 
338 |a svazek  |b nc  |2 rdacarrier 
655 7 |a české povídky  |7 fd133971  |2 czenas 
655 9 |a Czech short stories  |2 eczenas 
910 2 |a BOA001  |b 2-1516.925 
990 |a BK 
995 |a 01 
991 |b 202401  |c NOV 
996 6 |b 2610958752  |c 2-1516.925  |l MZK  |r Sklad / do 1 hodiny  |n 0  |p p.v.  |w 001949675  |u 000010  |a 1  |e BOA001  |j MZK50  |s P